Les 20 villes les plus peuplées du Loir-et-Cher (41) - Statistiques

Statistiques générales
  • Ce quiz a été pris 40 fois
  • Le résultat moyen est 7 sur 20
Statistiques - réponses
HINT HINT ANSWER % Correct
47 092 B Blois
100%
15 566 V Vendôme
88%
18 377 R Romorantin-Lanthenay
79%
6 294 M Mer
59%
8 050 V Vineuil
50%
4 880 S Salbris
47%
4 488 L La Chaussée-Saint-Victor
38%
6 787 L Le Controis-en-Sologne
35%
4 519 L Lamotte-Beuvron
29%
2 826 S Saint-Aignan
24%
2 830 C Cour-Cheverny
21%
3 678 M Montoire-sur-le-Loir
21%
3 360 M Mont-près-Chambord
21%
3 184 S Saint-Gervais-la-Forêt
21%
4 249 S Saint-Laurent-Nouan
21%
4 225 S Selles-sur-Cher
21%
3 327 V Veuzain-sur-Loire
18%
3 016 S Saint-Ouen
15%
3 641 M Montrichard Val de Cher
12%
3 350 B Beauce la Romaine
9%
Aucun quiz correspondant
Distribution des résultats
% des personnes avec chaque résultat
Percentile par nombre de réponses
Votre historique - résultats
Vous n’avez pas pris ce quiz